|
|
|
|
| LEADER |
01234nam a2200325 a 4500 |
| 008 |
100214s2000 enka b 000 1 eng d |
| 020 |
|
|
|a 8171674348
|
| 020 |
|
|
|a 8171674388
|
| 040 |
|
|
|a BD-DhAA
|c BD-DhAA
|d BD-DhAA
|
| 082 |
0 |
0 |
|a 823/.8
|2 21
|
| 100 |
1 |
|
|a Haggard, H. Rider
|q (Henry Rider),
|d 1856-1925.
|
| 245 |
1 |
0 |
|a She :
|b a history of adventure /
|c with an introduction by Stuart Cloete, Illustrated by Will Nickless.
|
| 260 |
|
|
|a New Delhi :
|b Rupa & Co.,
|c 2000.
|
| 300 |
|
|
|a 319 p. :
|b ill. ;
|c 20 cm.
|
| 490 |
0 |
|
|a Rupa classics
|
| 504 |
|
|
|a Includes bibliographical references (p.319).
|
| 541 |
1 |
|
|e 00015865
|
| 650 |
|
0 |
|a Ayesha (Fictitious character : Haggard)
|v Fiction.
|
| 650 |
|
0 |
|a Women
|z Africa
|v Fiction.
|
| 650 |
|
0 |
|a Reincarnation
|v Fiction.
|
| 650 |
|
0 |
|a Immortalism
|v Fiction.
|
| 651 |
|
0 |
|a Africa
|v Fiction.
|
| 655 |
|
7 |
|a Adventure fiction.
|2 gsafd
|
| 655 |
|
7 |
|a Fantasy fiction.
|2 gsafd
|
| 655 |
|
7 |
|a Love stories.
|2 gsafd
|
| 700 |
1 |
|
|a Cloete, Stuart
|d 1941-
|
| 852 |
4 |
|
|a Ayesha Abed Library
|j General shelf
|
| 942 |
0 |
0 |
|0 1
|
| 999 |
|
|
|c 7504
|d 7504
|
| 952 |
|
|
|0 0
|1 0
|2 ddc
|4 0
|6 823_800000000000000_HAG_2000
|7 0
|9 8086
|a BRACUL
|b BRACUL
|c GEN
|d 2010-02-14
|l 26
|m 97
|o 823.8 HAG
|p 3010015865
|r 2025-05-25
|s 2025-05-18
|t 1
|w 2010-02-14
|y BK
|